00381nam a2200145Ia 4500003000400000008004100004040001600045082001600061100002300077245004300100260003800143300001000181650001800191650002600209GCL140319s9999 xx 000 0 eng d aGCL / cGCL04a302.23bF M1 aFAIRCLOUGH, NORMAN10aMEDIA DISCOURSE / cFAIRCLOUGH, NORMAN a[S.N] : bEDWARD ARNOLD ، c1995 a214 P04aCOMMUNICATION04aMASS MEDIA - LANGUAGE